| 000 | 00535nam a2200193Ia 4500 | ||
|---|---|---|---|
| 005 | 20250508150702.0 | ||
| 008 | 008 250505s9999 xx 000 0 eng d | ||
| 037 | _aTextual | ||
| 040 |
_aFEDL _beng _cFEDL |
||
| 041 |
_aeng _2eng |
||
| 084 |
_a155.413, OLS _qFEDL |
||
| 100 |
_aOlson Willard C. _9756514 |
||
| 245 | 0 | _aChild development | |
| 260 |
_aBoston, USA _bD C Heath and Company _c1949 |
||
| 300 | _axiii,417p. | ||
| 650 | _aChild Psychology | ||
| 942 |
_cTEXL _h155.413, OLS |
||
| 999 |
_c1325053 _d1325053 |
||